000 00591nam a2200193Ia 4500
003 GCL
008 140319s9999 xx 000 0 ara d
040 _aGCL /
_cGCL
082 0 4 _a822.008
_bهـ ح
100 1 _aهامبتون, كريستوفر
245 1 0 _aالحرباء البيضاء /
_cهامبتون, كريستوفر
700 1 _aحسن مصيلحى (ترجمة)
300 _a116
490 _a100 قصة
_v0
650 0 4 _aالمسرح الامريكى
650 0 4 _aالمسرحيات الامريكية
650 0 4 _aالمسرح - تاريخ ونقد
942 _2ddc
_cBK
999 _c46697
_d46697